Model business letters, emails and other business documents.
| Main Author: | |
|---|---|
| Other Authors: | |
| Format: | Book |
| Published: |
Harlow:
Pearson,
2012.
|
| Edition: | Seventh edition. |
| Subjects: |
| LEADER | 00570cam a2200193 7i4500 | ||
|---|---|---|---|
| 001 | 0000032466 | ||
| 005 | 20160223090000.0 | ||
| 020 | 0 | 0 | |a 9780273751939 |
| 090 | 0 | 0 | |a B 808.066651 |b TAY |
| 100 | 1 | 0 | |a Taylor, Shirley |
| 245 | 1 | 0 | |a Model business letters, emails and other business documents. |
| 250 | 0 | 0 | |a Seventh edition. |
| 260 | 0 | 0 | |a Harlow: |b Pearson, |c 2012. |
| 300 | # | # | |a 498 pages. |
| 650 | 0 | 0 | |a Commercial correspondence |
| 650 | 0 | 0 | |a Electronic mail messages |
| 650 | 0 | 0 | |a Form letters |
| 700 | 1 | 0 | |a Gartside, L. |
| 999 | |a B000036360 |b Book |c Book |e Business Information Centre | ||


